| 000 | 01268nam a2200253Ia 4500 | ||
|---|---|---|---|
| 999 |
_c52919 _d52919 |
||
| 001 | 19949 | ||
| 003 | GE_BSU | ||
| 005 | 20200519222346.0 | ||
| 008 | 181216s1973||||ge |||||||||||||| ||geo|| | ||
| 040 | _cGE_BSU | ||
| 041 | _ageo | ||
| 080 | _a811(-11) + 821(-11) ა–92 | ||
| 245 |
_aაღმოსავლური ფილოლოგია : კრ. 3 : _bსტატიების კრებული / _cსარედ. კოლ. : გ. წერეთელი, ვლ. ახვლედიანი, თ. გამყრელიძე და სხვ. |
||
| 264 |
_aთბილისი : _bმეცნიერება, _c1973. |
||
| 300 |
_a352 გვ. : _b 1 ფ. ილ. ; _c26 სმ. |
||
| 500 | _aეძღვნება ს. ჯიქიას დაბადების 75 წლისთავს. | ||
| 541 | _h5ლ.34თ. | ||
| 546 | _aზოგიერთი სტატია რუსულ ენაზე | ||
| 546 | _aციტატები თურქული ენაზე | ||
| 653 | _aაღმოსავლეთმცოდნეობა | ||
| 653 | _aაღმოსავლური ფილოლოგია | ||
| 653 | _aსტატიების კრებული | ||
| 942 |
_cBK _2udc |
||